00708 2200193 4500001002100000005001700021008004100038035002400079082001200103090002100115100001800136245014100154260008200295300003300377500003200410504002900442650002500471990001800496YOGYA-0213000000022420130207122741.0 ind  0010-021300000000224 a362.293 aSK 362.293 Mus P aMUSKINUL FUAD aPelaksanaan program rehabilitasi remaja penyandang masalah naza oleh dinas sosial kotamadya daerah tingkat II Yogyakarta/cMuskinul Fuad aYogyakarta:bFakultas Dakwah Institut Agama Islam Negeri Sunan Kalijagac1998 ax,79(23)lbr.:blamp.;c29 cm aSkripsi IAIN Sunan Kalijaga aBibliografi : lbr. 78-79 aNarkotika dan remaja a43561-PD/A.12